Mesés tanulás : interaktív foglalkoztató hangoskönyv /

Main Author: Skalová, Daniela
Other Authors: Pospíšilová, Zuzana, 1975-
Language: Hungarian
Published: Prága : Albi, 2024
Edition: 1st edition
Series: Tolki
Subjects:
Physical Description: 18 nečíslovaných stran : barevné ilustrace ; 27 cm
Book
Saved in:
LEADER 02381nam a2200637 i 4500
001 nkc20243634172
003 CZ PrNK
005 20241204094846.0
007 ta
008 241001s2024 xr a a 000 0 hun
015 |a cnb003634172 
020 |a 978-80-7688-276-8  |q (vázáno) 
035 |a (OCoLC)1477949499 
040 |a OLA001  |b cze  |e rda 
072 7 |a 373.2/.3  |x Předškolní a primární výchova a vzdělávání  |2 Konspekt  |9 22 
072 7 |a 0/9-053.2  |x Literatura pro děti a mládež (naučná)  |2 Konspekt  |9 26 
080 |a 373.2  |2 MRF 
080 |a (02)004.031.42  |2 MRF 
080 |a (0.025.2)  |2 MRF 
080 |a (0:82-34)  |2 MRF 
080 |a (0:82-14)  |2 MRF 
080 |a (0.053.2)  |2 MRF 
100 1 |a Skalová, Daniela  |7 kv2016908116  |4 ill 
245 1 0 |a Mesés tanulás :  |b interaktív foglalkoztató hangoskönyv /  |c illusztrációk: Daniela Skalová ; mesék és szöveg: Zuzana Pospíšilová 
250 |a 1st edition 
264 1 |a Prága :  |b Albi,  |c 2024 
300 |a 18 nečíslovaných stran :  |b barevné ilustrace ;  |c 27 cm 
336 |a text  |b txt  |2 rdacontent 
336 |a statický obraz  |b sti  |2 rdacontent 
337 |a bez média  |b n  |2 rdamedia 
338 |a svazek  |b nc  |2 rdacarrier 
490 1 |a Tolki 
500 |a Podle českého vydání 
500 |a Pod názvem uveden maďarský distributor: Bonsai Education 
500 |a Tato kniha funguje pouze s elektronickou Albi tužkou, která není součástí tohoto balení 
500 |a Kartonové listy 
521 8 |a Pro děti od 3 do 7 let 
650 0 7 |a předškolní výchova  |7 ph124887  |2 czenas 
650 0 9 |a preschool education  |2 eczenas 
655 7 |a interaktivní mluvící knihy  |7 fd935306  |2 czenas 
655 7 |a leporela  |7 fd132727  |2 czenas 
655 7 |a pohádky  |7 fd133054  |2 czenas 
655 7 |a písně  |7 fd133162  |2 czenas 
655 7 |a publikace pro děti  |7 fd133156  |2 czenas 
655 9 |a interactive talking books  |2 eczenas 
655 9 |a folding picture-books  |2 eczenas 
655 9 |a fairy tales  |2 eczenas 
655 9 |a songs  |2 eczenas 
655 9 |a children's literature  |2 eczenas 
700 1 |a Pospíšilová, Zuzana,  |d 1975-  |7 mzk2006331486  |4 aut 
830 0 |a Tolki  |0 s 
910 2 |a BOA001  |b 3-1530.769 
990 |a BK 
995 |a 01 
991 |b 202410  |c NOV 
996 6 |b 2610982556  |c 3-1530.769  |l MZK  |r Sklad / do 1 hodiny  |n 0  |p p.v.  |w 001980194  |u 000010  |a 1  |e BOA001  |j MZK50  |s P